LEADER 01095nam a2200265 i 4500 001 000000258752 003 CaOOAMICUS 005 20180604000000.0 008 180604s2014 it u000 u ita u 013 $a237660 020 $a978-88-581-1019-5 040 $aSeMil$bita 100 1 $aRigoldi, Gino,$c.$0(OLS)http://semarc/name/69315 245 10$aRicostruire la speranza /$cGino Rigoldi con Pierfilippo Pozzi. 260 $aRoma ;$aBari :$bGLF editori Laterza,$c2014. 300 $a136 p. ;$c18 cm. 490 0 $aSaggi tascabili Laterza ;$v397 700 1 $aPozzi, Pierfilippo,$d<1964- >.$0(OLS)http://semarc/name/78428 830 0$aSaggi tascabili Laterza ;$v397.$0(OLS)http://semarc/title/6926 850 $aSeMil 852 $aSeMil$W1$xVenegono$y1$m3F I 776$j209098$B209098$CSeMilBibl$Z2$F222863 $81 961 $aOmaggio: Altro 996 $6020$a978-88-581-1019-5$9(OLS)http://semarc/number/284181 996 $6245$aRicostruire la speranza$9(OLS)http://semarc/title/413659 996 $6260$aRoma ;$aBari :$bGLF editori Laterza$9(OLS)http://semarc/publisher/37788 LEADER 00692nam a2200193 i 4500 001 000000037658 003 CaOOAMICUS 005 19931231000000.0 008 931231n it u000 u ita u 013 $a7965 040 $aSeMil$bita 100 1 $aBas, Giulio.$0(OLS)http://semarc/name/17959 245 10$aManuale di canto gregoriano. 650 4$aCanto liturgico - Manuali.$0(OLS)http://semarc/subject/6143 650 4$aCanto gregoriano - Manuali.$0(OLS)http://semarc/subject/7457 850 $aSeMil 852 $aSeMil$W1$xVenegono$y1$m3Q II 73$j3813$B3813$CSeMilBibl$Z2$F3813 $81 961 $aOmaggio: Deposito 996 $6245$aManuale di canto gregoriano$9(OLS)http://semarc/title/52810